Motivación de empleados: (Registro nro. 10878)
[ vista simple ]
| 000 -LEADER | |
|---|---|
| fixed length control field | 00372 a2200121 4500 |
| 001 - CONTROL NUMBER | |
| control field | ART_14798 |
| 005 - DATE AND TIME OF LATEST TRANSACTION | |
| control field | 20260410161614.0 |
| 008 - FIXED-LENGTH DATA ELEMENTS--GENERAL INFORMATION | |
| fixed length control field | 260409a |
| 100 1# - MAIN ENTRY--PERSONAL NAME | |
| Personal name | Groysberg, Boris |
| 245 10 - TITLE STATEMENT | |
| Title | Motivación de empleados: |
| 700 1# - ADDED ENTRY--PERSONAL NAME | |
| Personal name | Nohria, NItin |
| 773 0# - HOST ITEM ENTRY | |
| Title | Harvard Business Review |
| Related parts | Afinar su ventaja competitiva - Vol. 86. Nº 7 (jul. 2008) |
| Record control number | REV340 |
No hay ítems disponibles.